• P., Guenzi P.D., Larghero E., Lombardi Ricci M., Merlo P., Palestro G., Peris C., Rossino M.,

di Personal Name

Records bibliografici associati: 1

001 - CONTROL NUMBER

  • control field: 59579

003 - CONTROL NUMBER IDENTIFIER

  • control field:

005 - DATE AND TIME OF LATEST TRANSACTION

  • control field: 20230306115949.0

008 - FIXED-LENGTH DATA ELEMENTS

  • fixed length control field: 230306|| aca||aabn | a|a d

040 ## - CATALOGING SOURCE

  • Original cataloging agency:
  • Transcribing agency:

100 ## - HEADING--PERSONAL NAME

  • Personal name: P., Guenzi P.D., Larghero E., Lombardi Ricci M., Merlo P., Palestro G., Peris C., Rossino M.,
  • Dates associated with a name: Campagnoni C., Campanella M., Canuto R.A., Corbella C., De Luca A., De Luca A., De Marchi M., Donadio P.P., Giordano B., Girolami P

670 ## - SOURCE DATA FOUND

  • Source citation: Work cat.: ()210706: Larghero Enrico, Zeppegno Giuseppe (a cura di) 59578, Dalla parte della vita., 2007
CREDITS: SOCIETA' SAN PAOLO Via A.Severo, 58 - ROMA (RM) & PERIODICI SAN PAOLO SRL Via Giotto, 36 MILANO & CISF Via Giotto, 36 MILANO & EDIZIONI SAN PAOLO SRL,  Piazza Soncino, 5 CINISELLO BALSAMO (MI) -- ITALY